| 000 | 01861cam a22004694i 4500 | ||
|---|---|---|---|
| 003 | PE-LiUPU | ||
| 005 | 20250731184602.0 | ||
| 008 | 150706s r 000 0 d | ||
| 040 |
_aPE-LiUPU _bspa _cPE-LiUPU _erda |
||
| 049 | _aPRUA | ||
| 082 | 0 | 4 |
_a985.0122 _bU58s _223 |
| 110 | 2 | _aUniversidad Alas Peruanas | |
| 245 | 1 | 0 |
_aSipán : _b25 años del descubrimiento / _cUniversidad Alas Peruanas. |
| 264 | 1 |
_aLima : _bUniversidad Alas Peruanas, _c2012. |
|
| 300 |
_a191 páginas : _bilustraciones a color ; _c28 cm. |
||
| 336 |
_atext _2rdacontent |
||
| 337 |
_aunmediated _2rdamedia |
||
| 338 |
_avolume _2rdacarrier |
||
| 505 | 0 | _aNuestro saludo -- Sipán a los 25 años: breve balance -- Sucesos y descubrimientos en Sipán -- Los Moche o Mochicas -- Vida y muerte del Señor de Sipán -- Las tumbas reales de Sipán -- Consecusiones del Proyecto Arqueológico -- Contribuciones de Sipán al entendimiento de la cultura Mochica -- El impacto de Sipán: Sipán antes y después -- Sipán a los 25 años -- Homenaje a Susana -- Museo Tumbas Reales de Sipán y museo de Sitio -- Entrevista a Walter Alva. | |
| 526 | _aP136 | ||
| 526 | _aP135 | ||
| 526 | _aP134 | ||
| 526 | _aP133 | ||
| 526 | _aP144 | ||
| 526 | _aP143 | ||
| 526 | _aP87 | ||
| 526 | _aP35 | ||
| 526 | _aP20 | ||
| 526 | _aP14 | ||
| 526 | _aP10 | ||
| 526 | _aP06 | ||
| 600 | 1 | _aSeñor de Sipán | |
| 650 | 2 | 4 |
_aCultura Mochica _xAntiguedades. |
| 650 | 2 | 4 | _aArte Mochica. |
| 650 | 2 | 4 |
_aOrfebrería peruana _yEpoca Prehispánica. |
| 651 | 2 | 4 |
_aPerú _xAntigüedades. |
| 910 | _agl | ||
| 942 |
_2ddc _cBK |
||
| 949 |
_a985.0122 _wDEWEY _c1 _i68425 _lCCODEBUL1 _mBUL _p25.00 _r0 _sY _tLIBRO _u2015-07-06 _xBIBLIOTECA _zUNKNOWN _o.STAFF. Colección General |
||
| 999 |
_c55814 _d55814 |
||
| 980 |
_81 _gALBERTO SANCHEZ Responsable de Automatización |
||